000 00664nam a2200205 a 4500
001 BRL_280
005 20190320210652.0
008 220713s2003----mx-o#####c---#000-0dspa-#
041 _aspa
044 _amx
050 4 _aNK4031
_b.B54 1 2003
245 1 0 _a1 [i.e. Primera] Bienal de Cerámica Utilitaria
_bMuseo Franz Mayer.
260 _aMéxico
_bMuseo Franz Mayer
_c[2003]
300 _a56 p.
_bil. a color
_c22 cm.
500 _aCatálogo de la exposición realizada en el Museo Franz Mayer (Ciudad de México), 6 marzo - 1 junio, 2003
500 _aAu2357
650 1 4 _aCerámica mexicana
_vExposiciones
_ySiglo XXI
_923446
902 _aGRL
942 _2lcc
_cB
999 _c9093
_d9093